| 000 -LEADER | |
|---|---|
| fixed length control field | 00427nam a22001577a 4500 |
| 005 - DATE AND TIME OF LATEST TRANSACTION | |
| control field | 20210827122530.0 |
| 008 - FIXED-LENGTH DATA ELEMENTS--GENERAL INFORMATION | |
| fixed length control field | 190911b xxu||||| |||| 00| 0 eng d |
| 020 ## - INTERNATIONAL STANDARD BOOK NUMBER | |
| ISBN | 978-93-5230-191-1 |
| 041 ## - LANGUAGE CODE | |
| Language code of text/sound track or separate title | eng |
| 100 ## - MAIN ENTRY--AUTHOR NAME | |
| Personal name | MOHANTA, GURU. PRASAD AND MANNA, PRABAL KUMAR |
| 245 ## - TITLE STATEMENT | |
| Title | PHARMACEUTICS; A PRACTICAL MANUAL |
| 250 ## - EDITION STATEMENT | |
| Edition statement | REV. ED. 2017 |
| 260 ## - PUBLICATION, DISTRIBUTION, ETC. (IMPRINT) | |
| Place of publication | HYDERABAD |
| Name of publisher | PHARMAMED PRESS |
| Year of publication | 2017 |
| 300 ## - PHYSICAL DESCRIPTION | |
| Number of Pages | 109p, |
| 942 ## - ADDED ENTRY ELEMENTS (KOHA) | |
| Koha item type | Books |
| Lost status | Damaged status | Collection code | Home library | Current library | Shelving location | Date acquired | Source of acquisition | Cost, normal purchase price | Accession Number | Koha item type |
|---|---|---|---|---|---|---|---|---|---|---|
| Reference | JRU Library | JRU Library | SHELF-4-B | 11/09/2019 | PURCHESS | 150.00 | 23512 | Books | ||
| PHARMACY | JRU Library | JRU Library | Shelf - 27- A | 11/09/2019 | PURCHESS | 150.00 | 23513 | Books | ||
| PHARMACY | JRU Library | JRU Library | Shelf - 27- A | 11/09/2019 | PURCHESS | 150.00 | 23514 | Books | ||
| PHARMACY | JRU Library | JRU Library | Shelf - 27- A | 11/09/2019 | PURCHESS | 150.00 | 23515 | Books |